Riadenie VTR vo VHJ v SSR problémová oblasť C - Modelovanie systému riadenia tvorby a realizácie inovačných programov
Na minha lista:
| Formato: | Livro |
|---|---|
| Idioma: | eslovaco |
| Publicado em: |
Bratislava
VŠE
1984
|
| Tags: |
Sem tags, seja o primeiro a adicionar uma tag!
|
MARC
| LEADER | 00000nam a2200000 4500 | ||
|---|---|---|---|
| 001 | c109902 | ||
| 005 | 20260325110936.0 | ||
| 041 | 0 | |a slo | |
| 044 | |a SK | ||
| 245 | 1 | 0 | |a Riadenie VTR vo VHJ v SSR |b problémová oblasť C - Modelovanie systému riadenia tvorby a realizácie inovačných programov |
| 264 | 1 | |a Bratislava |b VŠE |c 1984 | |
| 300 | |a 42 s. | ||